[Event "New Delhi Parsvnath op-A 17th"]
[Site "New Delhi"]
[Date "2019.01.09"]
[Round "1"]
[White "Deviatkin, Andrei"]
[Black "Mythireyan, P."]
[Result "1-0"]
[WhiteElo "2461"]
[BlackElo "1913"]
[PlyCount "99"]
[EventDate "2019.01.09"]
[EventType "swiss"]
[EventRounds "10"]
[EventCountry "IND"]
[SourceTitle "CBM 188 Extra"]
[Source "ChessBase"]
[SourceDate "2019.02.28"]
[SourceVersion "1"]
[SourceVersionDate "2019.02.28"]
[SourceQuality "1"]

1. c4 e5 2. g3 f5 3. Bg2 Nf6 4. d4 e4 5. Nc3 Nc6 6. Nh3 Be7 7. Bg5 0-0 8. Nf4 Ng4 9. Bxe7 Nxe7 10. h3 Nf6 11. e3 d5 12. cxd5 Nexd5 13. Ncxd5 Nxd5 14. Qb3 c6 15. Rc1 Rf7 16. Bf1 Qd6 17. Rc5 b6 18. Rc2 Nxf4 19. gxf4 Be6 20. Bc4 Bd5 21. Rg1 Rd8 22. Ke2 Qh6 23. Rg3 Qd6 24. Qc3 Kf8 25. Rg1 Qh6 26. Bxd5 cxd5 27. Rg3 Qd6 28. Qc6 Qxc6 29. Rxc6 Rdd7 30. Rg1 Rc7 31. Rgc1 Rxc6 32. Rxc6 Rd7 33. Re6 Kf7 34. Re5 Kf6 35. b4 a6 36. a4 g6 37. Kf1 Kf7 38. Kg2 Rd6 39. Kg3 Rd7 40. Kh4 h6 41. Kg3 Rd8 42. Kg2 Kf6 43. h4 Kf7 44. h5 Rd6 45. Kg3 gxh5 46. Rxf5+ Ke6 47. Rxh5 Kd7 48. f5 Rc6 49. b5 axb5 50. axb5 1-0

[Event "Trichy Pro Chess op 1st"]
[Site "Trichy"]
[Date "2017.11.18"]
[Round "5"]
[White "Mythireyan, P."]
[Black "Saravana, Krishnan P"]
[Result "1/2-1/2"]
[WhiteElo "2072"]
[BlackElo "2366"]
[PlyCount "130"]
[EventDate "2017.11.16"]
[EventType "swiss"]
[EventRounds "8"]
[EventCountry "IND"]
[SourceTitle "EXT 2019"]
[Source "ChessBase"]
[SourceDate "2018.10.10"]
[SourceVersion "1"]
[SourceVersionDate "2018.10.10"]
[SourceQuality "1"]

1. d4 Nf6 2. Nf3 g6 3. c4 Bg7 4. Nc3 0-0 5. e4 d6 6. h3 e5 7. d5 a5 8. Be3 Na6 9. Nd2 Nc5 10. a3 Ne8 11. g4 f5 12. gxf5 gxf5 13. Rg1 f4 14. Bxc5 dxc5 15. Qh5 Kh8 16. Nf3 Qe7 17. Ng5 Nf6 18. Qh4 h6 19. 0-0-0 Ra6 20. Nf3 Bd7 21. Be2 Ng8 22. Qxe7 Nxe7 23. h4 Bf6 24. Nb5 Bxb5 25. cxb5 Rd6 26. h5 Rdd8 27. Nd2 b6 28. Nc4 f3 29. Bxf3 Bg5+ 30. Rxg5 hxg5 31. Nxe5 Rd6 32. Rd3 Rdf6 33. Kd1 g4 34. Bxg4 Rxf2 35. Be2 Rg8 36. Ke1 Rf4 37. Re3 Rg1+ 38. Kd2 Kg7 39. Nd3 Rh4 40. Ne5 Rg2 41. Kd3 Nc8 42. Nf3 Rf4 43. e5 c4+ 44. Kd2 Kh6 45. Ke1 Rg8 46. Rc3 Ne7 47. Bxc4 Rd8 48. Kf2 Nxd5 49. Bxd5 Rxd5 50. Ke3 Rf7 51. a4 Re7 52. Ke4 Rd1 53. Kf5 Rf7+ 54. Ke6 Rdd7 55. Nh4 Rde7+ 56. Kd5 Kxh5 57. Nf3 Rf4 58. e6 Rxa4 59. Nd4 Rb4 60. Rc2 Kg5 61. Re2 Kf6 62. Rf2+ Kg6 63. Rg2+ Kh7 64. Ke5 Rxd4 65. Kxd4 Rxe6 1/2-1/2